| 000 | 00900nam a22002777a 4500 | ||
|---|---|---|---|
| 003 | CHAP | ||
| 005 | 20220817041711.0 | ||
| 008 | 971013s1983 r 00010 d | ||
| 010 | _a21931 | ||
| 011 | _a22903 | ||
| 035 | _a26998 | ||
| 040 | _cCHAP | ||
| 082 |
_a378 _bA88p |
||
| 110 |
_aAsociación Nacional de Universidades e Institutos de Enseñanza Superior. México _98095 |
||
| 245 | _aPolíticas y estrategias ante los problemas inmediatos | ||
| 260 |
_aMéxico, D.F. : _bLa Asociación, _c1983 |
||
| 300 |
_a34 h. _b; gráfs |
||
| 590 |
_aBATCH-UPD _b10 _c20130110 _lUCH01 _h1927 |
||
| 590 |
_aBATCH-UPD _b10 _c20130410 _lUCH01 _h1252 |
||
| 590 |
_aBATCH-UPD _b10 _c20130914 _lUCH01 _h1244 |
||
| 590 |
_aCONVERSION _b10 _c20130109 _lUCH01 _h1313 |
||
| 650 | 1 | 4 | _aEducación superior. |
| 901 | _aBK | ||
| 942 | _cLIBRO | ||
| 949 |
_a378 A88p _bBC _cLIBRO _d33724000439303 _eLIBRO _h66357 _i26998 _mD _si |
||
| 999 |
_c21931 _d21931 |
||